000 00383nam a2200145Ia 4500
008 231217s9999 xx 000 0 und d
041 _aEnglish
082 _a658.8 RUS `R'
100 _aRust, Roland T Zahorik, Anthony J Keinigham, Timothy L
245 0 _aService marketing
260 _c1996
_bAddison-Wesley
300 _axx+508
650 _aService marketing
942 _cAA
999 _c166745
_d166745